000 00427nam a2200169Ia 4500
008 230524s9999 xx 000 0 und d
020 _a019807347X
082 _a658.45
_bMUK
100 _aHory Sankar Mukerjee
245 0 _aBusiness Communication Conneting At Work (with CD)
250 _a1
260 _aNew Delhi
_bOxford
_c2013
300 _a665p;
500 _aQuantity Number: 50
650 _aEnglish
942 _cBK
999 _c53792
_d53792